| 000 | 00917nam a2200217 a 4500 | ||
|---|---|---|---|
| 003 | 0 | ||
| 005 | 20250623090340.0 | ||
| 008 | 030602s19uu xx 00 eng d | ||
| 050 |
_aPGS TD 883.2 _b.C339 1998 |
||
| 050 |
_aPGS TD 883.2 _b.C339 1998 |
||
| 100 | _aCasino, Michael Vincent A. | ||
| 245 |
_aThe use of unleaded gasoline among the parents of grade 6 students of Southville International School school year 1997-1998 / _cMichael Vincent A. Casino. |
||
| 260 |
_aLas PiƱas City, Philippines : _bSouthville International School and Colleges, _c1998 |
||
| 300 |
_a24 pages : _billustrations ; _c28 cm. |
||
| 650 |
_aGasoline _vEnvironmental aspects _zPhilippines. |
||
| 650 |
_aUnleaded gasoline _zPhilippines. |
||
| 650 |
_a Air _vPollution _zPhilippines. |
||
| 650 |
_aParents _vAttitudes. _zPhilippines |
||
| 650 |
_aEnergy consumption _vEnvironmental aspects _zPhilippines. |
||
| 942 |
_2lcc _cPASS |
||
| 999 |
_c96115 _d96115 |
||